000 00478nam a2200169Ia 4500
008 240729s9999 xx 000 0 und d
022 _a0974-0546
245 0 _aCarbon: Science and Technology
260 _aIndia
260 _bApplied Science Innovations Private Limited
650 _a Chemical engineering
650 _a Chemical technology
650 _aTechnology
856 _uhttps://doaj.org/toc/9d806c99d54d4105a4512ad229b2f20c
942 _2ddc
942 _cDOAJEJ
999 _c71103
_d71103
945 _a1
_bMadushi Gamage
_c1
_dMadushi Gamage